<?xml version="1.0" encoding="UTF-8"?>
<record
    xmlns:xsi="http://www.w3.org/2001/XMLSchema-instance"
    xsi:schemaLocation="http://www.loc.gov/MARC21/slim http://www.loc.gov/standards/marcxml/schema/MARC21slim.xsd"
    xmlns="http://www.loc.gov/MARC21/slim">

  <leader>00785nam a22001817a 4500</leader>
  <controlfield tag="003">OSt</controlfield>
  <controlfield tag="005">20260407121013.0</controlfield>
  <controlfield tag="008">260407b        |||||||| |||| 00| 0 spa d</controlfield>
  <datafield tag="100" ind1=" " ind2=" ">
    <subfield code="a">LINGUAPHONE INSTITUTE</subfield>
  </datafield>
  <datafield tag="245" ind1=" " ind2=" ">
    <subfield code="a">CURSO PRACTICO ITALIANO </subfield>
  </datafield>
  <datafield tag="250" ind1=" " ind2=" ">
    <subfield code="a">1RA EDICION </subfield>
  </datafield>
  <datafield tag="260" ind1=" " ind2=" ">
    <subfield code="a">LONDON ,FLORIDA, BUENOS AIRES </subfield>
    <subfield code="b">LINGUAJPHONE INSTITUTE </subfield>
    <subfield code="c">1998</subfield>
  </datafield>
  <datafield tag="300" ind1=" " ind2=" ">
    <subfield code="a">150PAG</subfield>
    <subfield code="c">LIBRO DE BOLSILLO</subfield>
  </datafield>
  <datafield tag="490" ind1=" " ind2=" ">
    <subfield code="3">HOJA RIGIDA </subfield>
  </datafield>
  <datafield tag="520" ind1=" " ind2=" ">
    <subfield code="a">El curso practico de italiano se adapta a ni&#xF1;os y adultos ,a principiantes y a quienes teniendo un conocimiento te&#xF3;rico del idioma desean llegar a hablarlo con correcci&#xF3;n  </subfield>
  </datafield>
  <datafield tag="650" ind1=" " ind2=" ">
    <subfield code="a">curso italiano </subfield>
    <subfield code="v">Servir tanto para el aprendizaje particular o sin profesi&#xF3;n </subfield>
    <subfield code="x">notas sobre el vocabulario , la pronunciaci&#xF3;n del italiano </subfield>
  </datafield>
  <datafield tag="942" ind1=" " ind2=" ">
    <subfield code="2">ddc</subfield>
    <subfield code="c">BKA</subfield>
    <subfield code="n">0</subfield>
  </datafield>
  <datafield tag="952" ind1=" " ind2=" ">
    <subfield code="0">0</subfield>
    <subfield code="1">0</subfield>
    <subfield code="2">ddc</subfield>
    <subfield code="4">0</subfield>
    <subfield code="7">0</subfield>
    <subfield code="8">E03</subfield>
    <subfield code="a">ISUS</subfield>
    <subfield code="b">ISUS</subfield>
    <subfield code="c">Biblioteca Abierta</subfield>
    <subfield code="d">2026-04-07</subfield>
    <subfield code="e">IDIOMAS </subfield>
    <subfield code="f">0471</subfield>
    <subfield code="i">0471</subfield>
    <subfield code="l">0</subfield>
    <subfield code="o">Italiano</subfield>
    <subfield code="p">IDIOMA0471</subfield>
    <subfield code="r">2026-04-07 12:11:34</subfield>
    <subfield code="t">1</subfield>
    <subfield code="w">2026-04-07</subfield>
    <subfield code="y">BKA</subfield>
  </datafield>
  <datafield tag="999" ind1=" " ind2=" ">
    <subfield code="c">2047</subfield>
    <subfield code="d">2047</subfield>
  </datafield>
</record>
